000 01388cam a22003617a 4500
003 CHAP
005 20220817042108.0
008 971013c19851962 r 00010 d
010 _a34385
011 _a35357
035 _a39473
040 _cCHAP
082 _a972
_bO3Y 1962
100 0 0 _aO'Gorman, Edmundo.
_982351
245 0 _aHistoria natural y moral de las indias
_b: en que se trata de las cosas notables del cielo, elementos, metales, plantas y animales dellas, y los ritos y ceremonias, leyes y gobierno de los indios
250 _a2 ed.
260 _aMéxico, D. F. :
_bFondo de Cultura Económica,
_c1985 (c.1962)
300 _a444 p.
490 0 _aBiblioteca Americana. Serie de cronistas de indias
_v; 38
590 _aBATCH-UPD
_b10
_c20130110
_lUCH01
_h1204
590 _aBATCH-UPD
_b10
_c20130410
_lUCH01
_h0746
590 _aBATCH-UPD
_b10
_c20130914
_lUCH01
_h1632
590 _aCONVERSION
_b10
_c20130109
_lUCH01
_h1319
650 1 4 _aIndios de México.
650 1 4 _aMéxico
_xHistoria
_xColonia.
_976754
650 1 4 _aMéxico
_xHistoria
_xEpoca prehispánica.
_976759
650 1 4 _aPlantas cultivadas
_xHistoria.
_988931
650 1 4 _aPlantas cultivadas
_xMéxico.
_988932
830 0 0 _aBiblioteca Americana. Serie de cronistas de indias
_v; 38
_912240
901 _aBK
942 _cLIBRO
949 _a972 O3Y 1962
_bBC
_cLIBRO
_d33724002205835
_eLIBRO
_h69620
_i39473
_si
999 _c34385
_d34385